[Event "euyr2018"]
[Site "?"]
[Date "2018.05.27"]
[Round "7.8"]
[White "Cabala, Nathan"]
[Black "Taragelova, Martina"]
[Result "1-0"]
[BlackElo "1615"]
[WhiteElo "1892"]
[LiveChessVersion "1.4.8"]

1. b3 {[%clk 0:20:06]} e5 {[%clk 0:19:57]} 2. Bb2 {[%clk 0:19:50]} Nc6
{[%clk 0:19:57]} 3. d4 {[%clk 0:19:11]} exd4 {[%clk 0:19:27]} 4. Nf3
{[%clk 0:17:57]} Bb4+ {[%clk 0:18:32]} 5. Nbd2 {[%clk 0:18:00]} Nf6
{[%clk 0:16:32]} 6. Nxd4 {[%clk 0:17:57]} Nxd4 {[%clk 0:13:15]} 7. Bxd4
{[%clk 0:18:04]} Ne4 {[%clk 0:12:19]} 8. c3 {[%clk 0:12:44]} Bxc3
{[%clk 0:11:49]} 9. Bxc3 {[%clk 0:12:25]} Nxc3 {[%clk 0:11:55]} 10. Qc2
{[%clk 0:11:43]} Nd5 {[%clk 0:11:45]} 11. Qe4+ {[%clk 0:10:35]} Ne7
{[%clk 0:11:53]} 12. e3 {[%clk 0:09:48]} d5 {[%clk 0:11:24]} 13. Qc2
{[%clk 0:08:29]} Bf5 {[%clk 0:10:12]} 14. Bd3 {[%clk 0:08:13]} Bxd3
{[%clk 0:09:11]} 15. Qxd3 {[%clk 0:08:19]} O-O {[%clk 0:08:52]} 16. O-O
{[%clk 0:08:04]} c6 {[%clk 0:08:11]} 17. Rfe1 {[%clk 0:07:32]} Ng6
{[%clk 0:07:05]} 18. Nf3 {[%clk 0:07:04]} Re8 {[%clk 0:05:35]} 19. Qc3
{[%clk 0:05:22]} Rc8 {[%clk 0:03:31]} 20. Rad1 {[%clk 0:05:09]} Qc7
{[%clk 0:03:15]} 21. Rd2 {[%clk 0:04:13]} Re7 {[%clk 0:01:30]} 22. Rc1
{[%clk 0:03:07]} Qd6 {[%clk 0:00:49]} 23. Rcd1 {[%clk 0:01:51]} Rce8
{[%clk 0:00:38]} 24. Nd4 {[%clk 0:01:27]} Qf6 {[%clk 0:00:31]} 25. Qa5
{[%clk 0:01:13]} a6 {[%clk 0:00:23]} 26. a4 {[%clk 0:01:22]} Ne5 {[%clk 0:00:20]}
27. Qb4 {[%clk 0:01:00]} Ng6 28. Qc3 {[%clk 0:00:42]} Qe5 {[%clk 0:00:16]} 29. b4
{[%clk 0:00:35]} Qf6 {[%clk 0:00:13]} 30. b5 {[%clk 0:00:35]} axb5
{[%clk 0:00:17]} 31. axb5 {[%clk 0:00:42]} Ne5 {[%clk 0:00:12]} 32. Ra2
{[%clk 0:00:35]} Nc4 {[%clk 0:00:15]} 33. Ra7 {[%clk 0:00:26]} c5
{[%clk 0:00:17]} 34. Ne2 {[%clk 0:00:15]} Qxc3 {[%clk 0:00:20]} 35. Nxc3
{[%clk 0:00:24]} d4 {[%clk 0:00:21]} 36. Nd5 {[%clk 0:00:32]} Rd7
{[%clk 0:00:18]} 37. Nf4 {[%clk 0:00:22]} Nb6 {[%clk 0:00:14]} 38. h3
{[%clk 0:00:18]} h6 {[%clk 0:00:21]} 39. exd4 cxd4 {[%clk 0:00:23]} 40. Nd3
{[%clk 0:00:20]} Nc8 {[%clk 0:00:12]} 41. Ra4 {[%clk 0:00:19]} Rd5
{[%clk 0:00:14]} 42. Rb1 {[%clk 0:00:17]} Nd6 {[%clk 0:00:14]} 43. b6
{[%clk 0:00:26]} Nf5 {[%clk 0:00:21]} 44. Ra7 {[%clk 0:00:24]} Re7
{[%clk 0:00:21]} 45. Rc1 {[%clk 0:00:32]} Rb5 {[%clk 0:00:16]} 46. Nf4
{[%clk 0:00:23]} Nd6 {[%clk 0:00:12]} 47. Rd1 {[%clk 0:00:15]} Rxb6
{[%clk 0:00:14]} 48. Nd5 {[%clk 0:00:24]} Nb5 {[%clk 0:00:17]} 49. Ra8+
{[%clk 0:00:27]} Kh7 {[%clk 0:00:25]} 50. Nxe7 Rd6 {[%clk 0:00:27]} 51. Nf5
{[%clk 0:00:30]} Rd5 {[%clk 0:00:32]} 52. g4 {[%clk 0:00:17]} g6 {[%clk 0:00:33]}
53. Ne7 {[%clk 0:00:16]} Rd7 {[%clk 0:00:32]} 54. Nc8 {[%clk 0:00:13]} Rd8
{[%clk 0:00:28]} 55. Nb6 {[%clk 0:00:19]} Rd6 {[%clk 0:00:32]} 56. Nc4
{[%clk 0:00:27]} Rd5 {[%clk 0:00:35]} 57. Ra5 {[%clk 0:00:27]} Nc3
{[%clk 0:00:21]} 58. Rxd5 {[%clk 0:00:35]} Nxd5 {[%clk 0:00:27]} 59. Rxd4
{[%clk 0:00:43]} Nc7 {[%clk 0:00:14]} 60. Rd7 {[%clk 0:00:50]} Ne6
{[%clk 0:00:15]} 61. Rxf7+ {[%clk 0:00:55]} Kg8 {[%clk 0:00:22]} 62. Rxb7
{[%clk 0:01:01]} 1-0

[Event "euyr2018"]
[Site "?"]
[Date "2018.05.27"]
[Round "7.9"]
[White "Gzib, David"]
[Black "Martyniuk, Vladislav"]
[Result "1-0"]
[BlackElo "1470"]
[WhiteElo "1686"]
[LiveChessVersion "1.4.8"]

1. e4 {[%clk 0:00:00]} e6 {[%clk 0:20:20]} 2. d4 {[%clk 0:20:27]} d5
{[%clk 0:20:29]} 3. Nc3 {[%clk 0:20:35]} Bb4 4. e5 {[%clk 0:20:40]} c5
{[%clk 0:20:46]} 5. a3 {[%clk 0:20:49]} Bxc3+ {[%clk 0:20:55]} 6. bxc3
{[%clk 0:20:58]} Ne7 {[%clk 0:20:59]} 7. Qg4 {[%clk 0:20:49]} Qa5
{[%clk 0:20:19]} 8. Bd2 {[%clk 0:20:45]} Ng6 {[%clk 0:19:30]} 9. Nf3
{[%clk 0:20:18]} Bd7 {[%clk 0:19:22]} 10. Bd3 {[%clk 0:19:15]} c4 11. Be2
{[%clk 0:18:48]} Ba4 {[%clk 0:19:28]} 12. Bd1 {[%clk 0:18:27]} Qb5
{[%clk 0:18:48]} 13. O-O {[%clk 0:16:40]} Qb2 {[%clk 0:18:06]} 14. Rc1
{[%clk 0:16:48]} Qxa3 {[%clk 0:18:13]} 15. h4 {[%clk 0:16:53]} h5
{[%clk 0:18:18]} 16. Qg3 {[%clk 0:16:14]} Nc6 {[%clk 0:17:50]} 17. Ng5
{[%clk 0:16:17]} Qe7 {[%clk 0:17:54]} 18. f4 {[%clk 0:15:00]} O-O-O
{[%clk 0:15:27]} 19. Ra1 {[%clk 0:13:44]} b5 {[%clk 0:15:32]} 20. f5
{[%clk 0:12:03]} Nf8 {[%clk 0:14:48]} 21. f6 {[%clk 0:08:57]} gxf6
{[%clk 0:14:23]} 22. Rxf6 {[%clk 0:09:00]} Rd7 {[%clk 0:12:26]} 23. Nxf7
{[%clk 0:08:09]} Rh7 {[%clk 0:12:11]} 24. Ng5 {[%clk 0:07:44]} Rh8
{[%clk 0:12:08]} 25. Qf2 {[%clk 0:07:10]} Nd8 {[%clk 0:11:21]} 26. Be3
{[%clk 0:05:40]} a5 {[%clk 0:09:51]} 27. Bf3 {[%clk 0:04:41]} Qe8
{[%clk 0:08:47]} 28. Bxh5 {[%clk 0:03:19]} Qxh5 {[%clk 0:08:14]} 29. Rxf8
{[%clk 0:03:26]} Qxh4 {[%clk 0:07:26]} 30. Qxh4 {[%clk 0:02:51]} Rxh4
{[%clk 0:07:36]} 31. Nxe6 {[%clk 0:02:56]} Rhh7 {[%clk 0:06:35]} 32. Bg5
{[%clk 0:02:43]} Rhf7 {[%clk 0:05:47]} 33. Rf1 {[%clk 0:02:31]} Rxf1+
{[%clk 0:05:28]} 34. Kxf1 {[%clk 0:02:40]} Bxc2 {[%clk 0:05:35]} 35. Bxd8
{[%clk 0:02:28]} a4 {[%clk 0:05:27]} 36. Be7+ {[%clk 0:02:27]} Kb7
{[%clk 0:05:27]} 37. Nc5+ {[%clk 0:02:36]} 1-0

[Event "euyr2018"]
[Site "?"]
[Date "2018.05.27"]
[Round "7.10"]
[White "Budzak, Tobias"]
[Black "Kardis, Benjamin"]
[Result "0-1"]
[BlackElo "1688"]
[WhiteElo "1418"]
[LiveChessVersion "1.4.8"]

1. e4 {[%clk 0:20:19]} d6 {[%clk 0:20:19]} 2. d4 {[%clk 0:20:27]} Nf6
{[%clk 0:20:29]} 3. Nc3 {[%clk 0:20:33]} g6 {[%clk 0:20:36]} 4. Nf3
{[%clk 0:20:27]} Bg7 {[%clk 0:20:44]} 5. Bc4 {[%clk 0:20:28]} c6 {[%clk 0:20:52]}
6. h3 {[%clk 0:20:30]} b5 {[%clk 0:20:59]} 7. Bd3 {[%clk 0:20:31]} O-O
{[%clk 0:21:05]} 8. O-O {[%clk 0:20:34]} Nbd7 {[%clk 0:21:12]} 9. a3
{[%clk 0:20:27]} a6 {[%clk 0:21:20]} 10. Re1 {[%clk 0:20:24]} Bb7
{[%clk 0:21:16]} 11. Bd2 {[%clk 0:20:13]} c5 {[%clk 0:21:24]} 12. d5
{[%clk 0:19:38]} e6 {[%clk 0:20:55]} 13. dxe6 {[%clk 0:19:25]} fxe6
{[%clk 0:21:03]} 14. Qc1 {[%clk 0:19:22]} c4 {[%clk 0:20:34]} 15. Bf1
{[%clk 0:18:37]} Re8 {[%clk 0:19:31]} 16. Bh6 {[%clk 0:18:08]} Bh8
{[%clk 0:19:33]} 17. Bg5 {[%clk 0:17:50]} Qc7 {[%clk 0:19:29]} 18. Qf4
{[%clk 0:17:17]} Nh5 {[%clk 0:18:51]} 19. Qh2 {[%clk 0:16:48]} Ne5
{[%clk 0:18:50]} 20. Nxe5 {[%clk 0:16:24]} Bxe5 {[%clk 0:18:57]} 21. f4
{[%clk 0:16:30]} Bg7 {[%clk 0:18:52]} 22. Be2 {[%clk 0:15:36]} Bd4+
{[%clk 0:18:32]} 23. Kh1 {[%clk 0:15:38]} Bf2 {[%clk 0:18:36]} 24. Bxh5
{[%clk 0:15:05]} Bxe1 {[%clk 0:18:43]} 25. Rxe1 {[%clk 0:15:05]} gxh5
{[%clk 0:18:51]} 26. Qg3 {[%clk 0:15:14]} Qg7 {[%clk 0:18:42]} 27. Qh4
{[%clk 0:14:49]} h6 {[%clk 0:17:46]} 28. Bf6 {[%clk 0:14:43]} Qf7
{[%clk 0:17:53]} 29. Re3 {[%clk 0:14:50]} Kh7 {[%clk 0:17:45]} 30. e5
{[%clk 0:13:42]} Rg8 {[%clk 0:17:36]} 31. Ne4 {[%clk 0:13:19]} Bxe4
{[%clk 0:17:11]} 32. Rxe4 {[%clk 0:13:28]} d5 {[%clk 0:17:11]} 33. Re3
{[%clk 0:13:17]} Qg6 {[%clk 0:16:30]} 34. g3 {[%clk 0:12:34]} Qxc2
{[%clk 0:16:25]} 35. Qxh5 {[%clk 0:12:19]} Raf8 {[%clk 0:16:03]} 36. Rf3
{[%clk 0:11:04]} d4 {[%clk 0:14:55]} 37. g4 {[%clk 0:10:28]} Qd1+
{[%clk 0:14:26]} 38. Kg2 {[%clk 0:10:37]} Qe2+ {[%clk 0:14:32]} 39. Kg3
{[%clk 0:10:20]} Qe4 {[%clk 0:14:31]} 40. g5 {[%clk 0:07:08]} Qg6
{[%clk 0:14:26]} 41. Qh4 {[%clk 0:06:26]} h5 {[%clk 0:13:29]} 42. f5
{[%clk 0:05:05]} exf5 {[%clk 0:13:34]} 43. Qxd4 {[%clk 0:05:13]} Rxf6
{[%clk 0:13:18]} 44. exf6 {[%clk 0:04:48]} Qxg5+ {[%clk 0:13:26]} 45. Kf2
{[%clk 0:04:46]} Qg1+ {[%clk 0:13:35]} 0-1

[Event "euyr2018"]
[Site "?"]
[Date "2018.05.27"]
[Round "7.11"]
[White "Slaba, Andrea"]
[Black "Zumrik, Marek"]
[Result "1-0"]
[BlackElo "1346"]
[WhiteElo "1677"]
[LiveChessVersion "1.4.8"]

1. Nf3 {[%clk 0:20:18]} d5 {[%clk 0:20:18]} 2. g3 {[%clk 0:20:27]} c6
{[%clk 0:20:27]} 3. Bg2 {[%clk 0:20:35]} Nf6 {[%clk 0:20:35]} 4. O-O
{[%clk 0:20:44]} e6 {[%clk 0:20:33]} 5. d4 {[%clk 0:20:52]} Nbd7 {[%clk 0:20:39]}
6. Nbd2 {[%clk 0:20:58]} Be7 {[%clk 0:20:48]} 7. c4 {[%clk 0:21:07]} O-O
{[%clk 0:20:55]} 8. b3 {[%clk 0:21:15]} a6 {[%clk 0:20:56]} 9. c5
{[%clk 0:20:54]} Re8 {[%clk 0:20:46]} 10. Bb2 {[%clk 0:21:03]} Nf8
{[%clk 0:20:40]} 11. b4 {[%clk 0:21:03]} Ng6 {[%clk 0:20:45]} 12. Qc2
{[%clk 0:20:04]} Qc7 {[%clk 0:19:52]} 13. Rfd1 {[%clk 0:19:23]} Nd7
{[%clk 0:19:04]} 14. e4 {[%clk 0:18:54]} dxe4 {[%clk 0:18:22]} 15. Nxe4
{[%clk 0:19:03]} Nf6 {[%clk 0:18:19]} 16. Nfd2 {[%clk 0:19:11]} Nd5
{[%clk 0:17:18]} 17. a3 {[%clk 0:19:11]} Nf6 {[%clk 0:16:06]} 18. Nc4
{[%clk 0:19:02]} Nxe4 {[%clk 0:15:57]} 19. Bxe4 {[%clk 0:19:10]} Bd7
{[%clk 0:14:53]} 20. Bc1 {[%clk 0:18:31]} f5 {[%clk 0:12:27]} 21. Bg2
{[%clk 0:18:36]} Rad8 {[%clk 0:11:18]} 22. Bb2 {[%clk 0:17:42]} Rf8
{[%clk 0:09:30]} 23. f4 {[%clk 0:17:38]} Rfe8 {[%clk 0:09:12]} 24. Re1
{[%clk 0:17:31]} Bc8 {[%clk 0:07:52]} 25. Rad1 {[%clk 0:17:31]} Kh8
{[%clk 0:07:23]} 26. h4 {[%clk 0:17:33]} Kg8 {[%clk 0:06:56]} 27. Qb3
{[%clk 0:17:24]} Nf8 {[%clk 0:05:26]} 28. Ne3 {[%clk 0:17:17]} Bf6
{[%clk 0:05:16]} 29. Nxf5 {[%clk 0:17:14]} 1-0

[Event "euyr2018"]
[Site "?"]
[Date "2018.05.27"]
[Round "7.12"]
[White "Zahorcek, Jakub"]
[Black "Walterova, Ema"]
[Result "1-0"]
[BlackElo "1518"]
[WhiteElo "1548"]
[LiveChessVersion "1.4.8"]

1. e4 {[%clk 0:20:16]} e5 {[%clk 0:20:19]} 2. Nf3 {[%clk 0:20:20]} Nc6
{[%clk 0:20:28]} 3. d4 {[%clk 0:20:29]} exd4 {[%clk 0:20:33]} 4. Nxd4
{[%clk 0:20:37]} Nxd4 {[%clk 0:20:41]} 5. Qxd4 {[%clk 0:20:45]} d6
{[%clk 0:20:48]} 6. Bc4 {[%clk 0:20:37]} Qf6 {[%clk 0:20:48]} 7. Be3
{[%clk 0:20:29]} c5 {[%clk 0:20:45]} 8. Qc3 {[%clk 0:19:56]} a6 {[%clk 0:19:17]}
9. O-O {[%clk 0:19:55]} b5 {[%clk 0:19:20]} 10. Bd5 {[%clk 0:20:03]} Rb8
{[%clk 0:19:18]} 11. Bc6+ {[%clk 0:19:53]} Bd7 {[%clk 0:19:12]} 12. Bxd7+
{[%clk 0:20:01]} Kxd7 {[%clk 0:19:19]} 13. Rd1 {[%clk 0:20:09]} Ke8
{[%clk 0:18:51]} 14. a3 {[%clk 0:19:25]} Qxc3 {[%clk 0:18:30]} 15. Nxc3
{[%clk 0:19:33]} Nf6 {[%clk 0:18:36]} 16. f3 {[%clk 0:19:41]} a5 {[%clk 0:18:30]}
17. Nd5 {[%clk 0:19:32]} Nxd5 {[%clk 0:18:35]} 18. Rxd5 {[%clk 0:19:38]} a4
{[%clk 0:17:57]} 19. Bf4 {[%clk 0:19:36]} Rb6 {[%clk 0:17:12]} 20. Rad1
{[%clk 0:19:40]} b4 {[%clk 0:16:36]} 21. Bxd6 {[%clk 0:19:32]} Bxd6
{[%clk 0:16:45]} 22. Rxd6 {[%clk 0:19:41]} Rb8 {[%clk 0:15:30]} 23. axb4
{[%clk 0:19:22]} cxb4 {[%clk 0:15:35]} 24. Ra6 {[%clk 0:19:28]} Ke7
{[%clk 0:15:08]} 25. Rxa4 {[%clk 0:19:33]} Rhc8 {[%clk 0:15:14]} 26. Ra7+
{[%clk 0:19:31]} Ke6 {[%clk 0:15:02]} 27. Rd2 {[%clk 0:19:37]} Rb6
{[%clk 0:13:33]} 28. Kf2 {[%clk 0:19:14]} Rbc6 {[%clk 0:13:36]} 29. Ke2
{[%clk 0:18:42]} Rxc2 {[%clk 0:13:23]} 30. Rb7 {[%clk 0:18:29]} Rc1
{[%clk 0:07:56]} 31. Rxb4 {[%clk 0:18:23]} R8c2 {[%clk 0:07:42]} 32. Rb6+
{[%clk 0:18:15]} Ke7 {[%clk 0:07:45]} 33. Rxc2 {[%clk 0:17:07]} Rxc2+
{[%clk 0:07:54]} 34. Kf1 {[%clk 0:17:15]} Rc1+ {[%clk 0:08:03]} 35. Kf2
{[%clk 0:17:24]} Rc2+ {[%clk 0:08:12]} 36. Kg3 {[%clk 0:17:33]} Kd7
{[%clk 0:08:13]} 37. Rb7+ {[%clk 0:17:35]} Ke6 {[%clk 0:08:21]} 38. b4
{[%clk 0:17:36]} Rb2 {[%clk 0:08:16]} 39. b5 {[%clk 0:17:43]} h6 {[%clk 0:08:05]}
40. b6 {[%clk 0:16:53]} g6 {[%clk 0:07:57]} 41. h4 {[%clk 0:16:53]} f6
{[%clk 0:08:02]} 42. Kh3 {[%clk 0:16:59]} Kd6 {[%clk 0:08:01]} 43. g3
{[%clk 0:16:51]} Kc6 {[%clk 0:08:03]} 44. Rb8 {[%clk 0:17:00]} g5
{[%clk 0:06:30]} 45. hxg5 {[%clk 0:17:03]} hxg5 {[%clk 0:06:37]} 46. Kg4
{[%clk 0:17:03]} Rb3 {[%clk 0:06:36]} 47. Rf8 {[%clk 0:16:58]} f5+
{[%clk 0:05:27]} 48. exf5 {[%clk 0:16:43]} Kb7 {[%clk 0:05:26]} 49. Rf6
{[%clk 0:16:23]} Ka6 {[%clk 0:05:04]} 50. Re6 {[%clk 0:16:28]} 1-0

[Event "euyr2018"]
[Site "?"]
[Date "2018.05.27"]
[Round "7.13"]
[White "Zetocha, Adrian"]
[Black "Malyovanyi, Yulian"]
[Result "0-1"]
[BlackElo "1972"]
[WhiteElo "1887"]
[LiveChessVersion "1.4.8"]

1. d4 {[%clk 0:20:17]} Nf6 {[%clk 0:20:19]} 2. c4 {[%clk 0:20:25]} g6
{[%clk 0:20:28]} 3. Nc3 {[%clk 0:20:32]} Bg7 {[%clk 0:20:37]} 4. Nf3
{[%clk 0:20:39]} O-O {[%clk 0:20:44]} 5. Bg5 {[%clk 0:20:47]} d6 {[%clk 0:20:29]}
6. e3 {[%clk 0:20:55]} Nbd7 {[%clk 0:20:23]} 7. Be2 {[%clk 0:20:51]} c6
{[%clk 0:20:01]} 8. Qc2 {[%clk 0:20:52]} Qc7 {[%clk 0:20:03]} 9. O-O
{[%clk 0:20:59]} e5 {[%clk 0:19:39]} 10. Rfd1 {[%clk 0:20:28]} Re8
{[%clk 0:19:03]} 11. dxe5 {[%clk 0:20:28]} dxe5 {[%clk 0:17:59]} 12. Nd2
{[%clk 0:19:35]} Nf8 {[%clk 0:16:39]} 13. b4 {[%clk 0:16:39]} Bf5
{[%clk 0:14:19]} 14. Qb3 {[%clk 0:16:19]} h6 {[%clk 0:12:41]} 15. Bxf6
{[%clk 0:14:59]} Bxf6 {[%clk 0:12:50]} 16. c5 {[%clk 0:14:28]} Red8
{[%clk 0:06:27]} 17. Nce4 {[%clk 0:13:18]} Be7 {[%clk 0:05:45]} 18. Bc4
{[%clk 0:13:19]} Ne6 {[%clk 0:02:44]} 19. Ng3 {[%clk 0:12:49]} Qc8
{[%clk 0:00:52]} 20. f3 {[%clk 0:08:21]} Kg7 {[%clk 0:00:20]} 21. Qc3
{[%clk 0:08:00]} Nc7 {[%clk 0:00:21]} 22. Qxe5+ {[%clk 0:07:27]} Bf6
{[%clk 0:00:30]} 23. Nxf5+ {[%clk 0:07:36]} Qxf5 {[%clk 0:00:32]} 24. Qxf5
{[%clk 0:07:01]} gxf5 {[%clk 0:00:41]} 25. Rac1 {[%clk 0:06:54]} a5
{[%clk 0:00:44]} 26. bxa5 {[%clk 0:02:43]} Rxa5 {[%clk 0:00:21]} 27. Nb3
{[%clk 0:02:13]} Raa8 28. Rxd8 {[%clk 0:00:56]} Rxd8 {[%clk 0:00:23]} 29. Na5
{[%clk 0:00:59]} Nd5 {[%clk 0:00:14]} 30. Nxb7 {[%clk 0:00:42]} Rd7
{[%clk 0:00:18]} 31. Bxd5 {[%clk 0:00:45]} Rxd5 {[%clk 0:00:17]} 32. Na5
{[%clk 0:00:33]} Be7 {[%clk 0:00:20]} 33. Nxc6 {[%clk 0:00:41]} Bxc5
{[%clk 0:00:26]} 34. Nd4 {[%clk 0:00:23]} f4 {[%clk 0:00:33]} 35. Nc2
{[%clk 0:00:22]} fxe3 {[%clk 0:00:41]} 36. Kf1 {[%clk 0:00:27]} Rd2
{[%clk 0:00:43]} 37. a4 Rf2+ {[%clk 0:00:38]} 38. Kg1 {[%clk 0:00:19]} e2
{[%clk 0:00:47]} 39. g3 {[%clk 0:00:12]} Rf1+ {[%clk 0:00:55]} 0-1

[Event "euyr2018"]
[Site "?"]
[Date "2018.05.27"]
[Round "7.14"]
[White "Mach, Petr"]
[Black "Persanyi, Barnabas"]
[Result "0-1"]
[BlackElo "2049"]
[WhiteElo "1683"]
[LiveChessVersion "1.4.8"]

1. Nf3 {[%clk 0:20:18]} g6 {[%clk 0:20:17]} 2. g3 {[%clk 0:20:26]} Bg7
{[%clk 0:20:25]} 3. Bg2 {[%clk 0:20:35]} e5 {[%clk 0:20:33]} 4. d3
{[%clk 0:20:41]} Nc6 {[%clk 0:20:34]} 5. O-O {[%clk 0:20:42]} d5 {[%clk 0:20:41]}
6. Nbd2 {[%clk 0:20:02]} Nge7 {[%clk 0:20:35]} 7. c4 {[%clk 0:20:11]} d4
{[%clk 0:20:31]} 8. a3 {[%clk 0:20:11]} a5 {[%clk 0:20:40]} 9. Nb3
{[%clk 0:18:27]} b6 {[%clk 0:19:28]} 10. Bg5 {[%clk 0:17:12]} f6 {[%clk 0:19:31]}
11. Nxe5 {[%clk 0:15:39]} Nxe5 {[%clk 0:19:30]} 12. Bxf6 {[%clk 0:15:48]} Bxf6
{[%clk 0:19:34]} 13. Bxa8 {[%clk 0:15:55]} c6 {[%clk 0:19:26]} 14. e3
{[%clk 0:15:38]} Bg4 {[%clk 0:18:18]} 15. f3 {[%clk 0:15:37]} Nxf3+
{[%clk 0:18:10]} 16. Rxf3 {[%clk 0:15:45]} Qxa8 {[%clk 0:18:17]} 17. Nxd4
{[%clk 0:15:05]} c5 {[%clk 0:17:37]} 18. Qa4+ {[%clk 0:14:56]} Bd7
{[%clk 0:17:33]} 19. Qd1 {[%clk 0:15:05]} O-O {[%clk 0:17:02]} 20. Qf1
{[%clk 0:14:51]} Kg7 {[%clk 0:12:52]} 21. Nb5 {[%clk 0:12:54]} Bxb5
{[%clk 0:12:02]} 22. cxb5 {[%clk 0:13:02]} Nf5 {[%clk 0:11:36]} 23. a4
{[%clk 0:11:35]} Nxe3 {[%clk 0:11:18]} 24. Qe2 {[%clk 0:08:23]} Bd4
{[%clk 0:11:10]} 25. Rxf8 {[%clk 0:08:14]} Qxf8 {[%clk 0:11:18]} 26. Kh1
{[%clk 0:08:21]} Qa8+ {[%clk 0:11:23]} 27. Kg1 {[%clk 0:08:19]} Nf5+
{[%clk 0:11:02]} 0-1

[Event "euyr2018"]
[Site "?"]
[Date "2018.05.27"]
[Round "7.15"]
[White "Pribyl, Viktor"]
[Black "Jun, Rudolf Jr."]
[Result "1/2-1/2"]
[BlackElo "1624"]
[WhiteElo "1908"]
[LiveChessVersion "1.4.8"]

1. e4 {[%clk 0:20:20]} c5 {[%clk 0:20:09]} 2. Nf3 {[%clk 0:20:29]} Nc6
{[%clk 0:19:56]} 3. Bb5 {[%clk 0:20:39]} e6 {[%clk 0:17:34]} 4. O-O
{[%clk 0:20:45]} d6 {[%clk 0:16:59]} 5. Re1 {[%clk 0:20:03]} Bd7 {[%clk 0:16:09]}
6. c3 {[%clk 0:19:58]} Nf6 {[%clk 0:15:32]} 7. d4 {[%clk 0:19:30]} cxd4
{[%clk 0:14:57]} 8. cxd4 {[%clk 0:19:36]} Be7 {[%clk 0:13:31]} 9. Nc3
{[%clk 0:19:36]} O-O {[%clk 0:12:38]} 10. h3 {[%clk 0:15:49]} a6 {[%clk 0:11:37]}
11. Bf1 {[%clk 0:14:50]} b5 {[%clk 0:10:32]} 12. d5 {[%clk 0:13:01]} Na5
{[%clk 0:08:21]} 13. b4 {[%clk 0:06:48]} Nc4 {[%clk 0:07:34]} 14. Bxc4
{[%clk 0:06:57]} bxc4 {[%clk 0:07:43]} 15. e5 {[%clk 0:07:07]} Nxd5
{[%clk 0:07:28]} 16. Nxd5 {[%clk 0:07:14]} exd5 {[%clk 0:07:34]} 17. exd6
{[%clk 0:07:18]} Bxd6 {[%clk 0:07:20]} 18. Qxd5 {[%clk 0:07:25]} 1/2-1/2

[Event "euyr2018"]
[Site "?"]
[Date "2018.05.27"]
[Round "7.16"]
[White "Popovic, Martin"]
[Black "Blaha, Marek"]
[Result "1/2-1/2"]
[BlackElo "1689"]
[WhiteElo "1537"]
[LiveChessVersion "1.4.8"]

1. e4 {[%clk 0:20:19]} e5 {[%clk 0:20:19]} 2. Nf3 {[%clk 0:20:28]} Nc6
{[%clk 0:20:28]} 3. Bb5 {[%clk 0:20:37]} a6 {[%clk 0:20:37]} 4. Ba4
{[%clk 0:20:47]} Nf6 {[%clk 0:20:46]} 5. d3 {[%clk 0:20:55]} b5 {[%clk 0:20:50]}
6. Bb3 {[%clk 0:21:04]} d6 {[%clk 0:20:57]} 7. c3 {[%clk 0:21:12]} Be7
{[%clk 0:20:48]} 8. O-O {[%clk 0:21:18]} O-O {[%clk 0:20:55]} 9. Re1
{[%clk 0:21:20]} Re8 {[%clk 0:18:31]} 10. Nbd2 {[%clk 0:19:59]} Be6
{[%clk 0:17:39]} 11. Nf1 {[%clk 0:19:36]} Bxb3 {[%clk 0:16:50]} 12. axb3
{[%clk 0:19:35]} Bf8 {[%clk 0:16:55]} 13. Bg5 {[%clk 0:18:52]} Nb8
{[%clk 0:16:42]} 14. d4 {[%clk 0:17:01]} Nbd7 {[%clk 0:16:51]} 15. Qd3
{[%clk 0:15:01]} g6 {[%clk 0:12:08]} 16. Ne3 {[%clk 0:12:53]} Bg7
{[%clk 0:11:39]} 17. dxe5 {[%clk 0:10:28]} Nxe5 {[%clk 0:11:08]} 18. Nxe5
{[%clk 0:10:36]} dxe5 {[%clk 0:11:04]} 19. Qxd8 {[%clk 0:10:41]} Rexd8
{[%clk 0:10:28]} 20. Nd5 {[%clk 0:10:45]} Rd6 {[%clk 0:09:55]} 21. Nxc7
{[%clk 0:10:54]} Ra7 {[%clk 0:10:02]} 22. Bxf6 {[%clk 0:10:56]} Rxc7
{[%clk 0:09:59]} 23. Bxg7 {[%clk 0:11:04]} Kxg7 {[%clk 0:10:07]} 24. Red1
{[%clk 0:10:51]} Rcd7 {[%clk 0:10:16]} 25. Rxd6 {[%clk 0:10:19]} Rxd6
{[%clk 0:10:25]} 26. Kf1 {[%clk 0:09:58]} Rd2 {[%clk 0:07:52]} 27. Rxa6
{[%clk 0:05:11]} Rxb2 {[%clk 0:08:01]} 28. Ra3 {[%clk 0:05:20]} 1/2-1/2